00401 a2200133 4500001001000000005001700010008004100027245004700068100002200115700002000137700002600157773006700183999001700250ART_1284820260410161733.0260409a 10aLa argentina frente al espejo de la crisis1 aExpósito, David1 aBlasco, Eduardo1 aMora y Araujo, Manuel0 tEjecutivos de finanzasg- Año 7, Nº 54 (abr. 1989)wREV2863 c18077d18077